1132 1762 1013 1630 1731 1262 1463 1931 1978 1157 1032 1215 1110 1119 1314 1185 1811 1995 1566 1019 1737 1301 1294 1928 1402 1945 1566 1782 1780 1022 1695 1540 1154 1330 1159 1016 1631 1096 1548 1197 1109 1384 1302 1351 1067 1174 1582 1268 1249 1456 1948 1305 1791 1504 1425 1289 1844 1209 1840 1226 1934 1669 1115 1251 1536 1775 1180 1062 1481 1310 1268 1440 1273 1256 1209 1019 1884 1657 1627 1364 1616 1647 1219 1768 1276 1607 1678 1655 1697 1063 1393 1047 1772 1275 1613 1561 1779 1025 1917 BCNSPRNW ULIB Ver.6.0+V

เปลี่ยนเป็นภาษาไทย

Change to English
 แสดงรายละเอียดบรรณานุกรม
  กลับหน้าหลัก

Brief Record : Get Marc (ISO 2709) : E-mail record : QR code < ปิดหน้าต่าง
LEADER : 00000nam 2200000uu 4500
001    13399125142
003     ULIB
008    161019s2559||||th 000 0 tha d
099    ^aวจ.LB1060^bว255ผ
100    ^aวรรณภา ประทุมโทน
245    ^aผลของรูปแบบการสร้างเสริมสุขภาพต่อสถานะสุขภาพของบุคลากร วิทยาลัยพยาบาลบรมราชชนนี พุทธชินราช /^cวรรณภา ประทุมโทน,ภัณฑิรชา เฟื่องทอง
260    ^aพิษณุโลก :^bวิทยาลัยพยาบาลบรมราชชนี พุทธชินราช,^c2559
300    ^a55 หน้า
700 0  ^aภัณฑิรชา เฟื่องทอง
710 1  ^aวิทยาลัยพยาบาลบรมราชชนี พุทธชินราช
945    ^p0^l0^i001389
995    ^aณรีรัตน์
999 ^a ณรีรัตน์
รายการนี้ยังไม่มีแท็ก
คุณยังไม่ได้ล็อกอิน คุณสามารถมีกิจกรรมร่วมกับเว็บไซต์ได้ แต่ต้องล็อกอินก่อน ::
  ล็อกอิน

รายการสื่อสารสนเทศ

ลำดับที่ ประเภท เลขเรียก/บาร์โค้ด สถานที่ สถานะ
1. งานวิจัย
งานวิจัย
วจ.LB1060 ว255ผ ฉ.1 
  Barcode: 001389
ห้องสมุดวิทยาเขตสวรรค์ประชารักษ์
►วิจัย
บนชั้น

รายการใกล้เคียง
    ผู้แต่ง [วรรณภา ประทุมโทน]

BibComment


ยังไม่เคยถูกคอมเมนท์

คอมเมนท์ทรัพยากรรายการนี้
  คอมเมนท์: ผลของรูปแบบการสร..


 Copyright 2026. Bcnsprnw @Library